Anagramas - Capitales nacionales - Estadísticas

Estadísticas generales
  • Esta prueba ha sido intentada 7.441 veces
    2.081 desde el último reinicio
  • La puntuación promedio es 10 de 20
Estadísticas de respuestas
Ciudad Capital % Correcto
Roma
95%
Kiev
94%
Moscú
92%
Oslo
92%
Daca
91%
Doha
91%
Bakú
89%
Tokio
88%
Lima
87%
Minsk
87%
Seúl
86%
Zagreb
86%
Praga
85%
París
82%
Quito
81%
Riga
81%
Bagdad
80%
Luxemburgo
80%
Bogotá
77%
Pekín
77%
Riad
77%
Túnez
77%
Vaduz
77%
Dakar
75%
Sofía
75%
Viena
75%
Acra
73%
Amán
73%
Dili
73%
Madrid
73%
Ottawa
73%
Malé
72%
Yibuti
72%
Ankara
71%
Suva
70%
Bangkok
69%
Berlín
69%
Lomé
69%
Tiflis
69%
Apia
68%
Caracas
68%
Rabat
68%
Reikiavik
68%
Yuba
67%
Mónaco
66%
Varsovia
66%
Vilna
66%
Kabul
64%
Berna
63%
Dublin
63%
Helsinki
63%
Sarajevo
63%
Bratislava
61%
Hanói
60%
Pionyang
60%
Tegucigalpa
60%
Skopie
59%
Budapest
58%
Manama
58%
Ámsterdam
55%
Taipéi
55%
Estocolmo
54%
Katmandú
54%
Teherán
54%
Abuya
53%
Jerusalén
53%
Trípoli
53%
Yakarta
53%
Chișinău
52%
Maputo
52%
Antananarivo
51%
Manila
51%
Nasáu
51%
Tirana
51%
Copenhague
50%
Lisboa
50%
Tallin
49%
Montevideo
48%
Atenas
47%
Podgorica
47%
Uagadugú
47%
Wellington
47%
Singapur
46%
Sucre
46%
Argel
44%
Georgetown
44%
Kingston
44%
Timbu
44%
Biskek
43%
Bisáu
42%
Damasco
42%
Kigali
42%
Dodoma
41%
Kingstown
41%
Bamako
40%
Jartum
40%
Mogadiscio
40%
Naipyidó
40%
Nairobi
40%
Windhoek
40%
Asmara
39%
Belgrado
39%
Liubliana
39%
Managua
39%
Monrovia
39%
Islamabad
38%
Yaundé
38%
Ereván
37%
Funafuti
37%
Gitega
37%
Kampala
37%
Praia
37%
Vientián
37%
Asjabad
36%
Brasilia
36%
Paramaribo
36%
Belmopán
34%
Bruselas
34%
Bucarest
34%
Luanda
34%
Majuro
34%
Banjul
33%
Nicosia
33%
Beirut
32%
Canberra
32%
Lusaka
32%
Honiara
31%
Libreville
31%
Nuakchot
31%
Taskent
31%
Bangui
29%
Freetown
29%
Harare
29%
Victoria
29%
Yaren
29%
Brazzaville
28%
Lilongüe
28%
Londres
28%
Pristina
28%
Palikir
27%
Kinsasa
26%
Mbabane
26%
Basseterre
25%
Cotonú
24%
Mascate
24%
Moroni
24%
Yamusukro
24%
Bloemfontein
23%
Niamey
23%
Conakri
22%
Dusambé
22%
Pretoria
22%
Maseru
21%
Bridgetown
20%
Gaborone
20%
Ngerulmud
20%
Asunción
19%
Santiago
16%
Castries
10%
No se encontraron pruebas coincidentes
Distribución de puntuación
Porcentaje de gente con cada puntuación
Porcentaje por número respondido
Historial de tus puntuaciones
No has intentado esta prueba desde el último reinicio